L'activité de la Communauté (Registro nro. 101401)

Detalles MARC
000 -LEADER
campo de control de longitud fija 00717nam a2200181 i 4500
001 - NÚMERO DE CONTROL
campo de control 101401
003 - IDENTIFICADOR DE NÚMERO DE CONTROL
campo de control ES-MaACL
005 - FECHA Y HORA DE LA ÚLTIMA TRANSACCIÓN
campo de control 20230906182906.0
007 - CAMPO FIJO DE DESCRIPCIÓN FÍSICA--INFORMACIÓN GENERAL
campo de control de longitud fija t|
008 - DATOS DE LONGITUD FIJA--INFORMACIÓN GENERAL
campo de control de longitud fija 051018s1956 zzz ||||1| fre d
100 1# - ENTRADA PRINCIPAL--NOMBRE DE PERSONA
Nombre de persona Mayer, René.
9 (RLIN) 79363
245 10 - MENCIÓN DEL TÍTULO
Título L'activité de la Communauté
Resto del título : Assemblée Commune. Session ordinaire 1955-56 /
Mención de responsabilidad, etc. exposé de Monsieur René Mayer, Président de la Haute Autorité.
260 ## - PUBLICACIÓN, DISTRIBUCIÓN, ETC.
Lugar de publicación, distribución, etc. Strasbourg :
Nombre del editor, distribuidor, etc. Service des Publications de la Communauté Européene,
Fecha de publicación, distribución, etc. 1956.
300 ## - DESCRIPCIÓN FÍSICA
Extensión 58 p. ;
Dimensiones 19 cm.
500 ## - NOTA GENERAL
Nota general Precede al tít.: Communauté Européenne du Charbon et de l'Acier.
710 2# - ENTRADA AGREGADA--NOMBRE DE ENTIDAD CORPORATIVA
Nombre de entidad corporativa o nombre de jurisdicción como elemento de entrada Comunidad Europea del Carbón y del Acero.
9 (RLIN) 3133
852 ## - LOCALIZACIÓN
Ubicación ES-MaACL
Número de control de estantería C-21575
Sublocalización o colección R.39663
Existencias
Estatus retirado Estado de pérdida Estado de daño No para préstamo Biblioteca de origen Biblioteca actual Ubicación en estantería Fecha de adquisición Fuente de adquisición Total de préstamos Signatura topográfica completa Código de barras Visto por última vez Precio de reemplazo Tipo de ítem Koha
        Biblioteca del Ateneo de Madrid Biblioteca del Ateneo de Madrid Galería 17/01/2008     C-21575 1105868 23/02/2023 23/02/2023 Libro impreso